Southville International School and Colleges
Your cart is empty.
  • Cart
  • Lists
    Public lists Eva Luna New books Lux_list list_1
    Your lists Log in to create your own lists
  • Log in to your account
  • Your cookies
  • Search history
Southville International School and Colleges
  • Advanced search
  • Recent comments
  • Most popular
  • Libraries

Log in to your account

Log in with GOOGLE


If you do not have an external account, but do have a local account, you can still log in:

  1. Home
  2. MARC view: New kid in school /
Normal view MARC view ISBD view

New kid in school / (Record no. 110851)

[ view plain ]
MARC details
000 -LEADER
fixed length control field 00422nam a2200157 a 4500
001 - CONTROL NUMBER
control field 3663
005 - DATE AND TIME OF LATEST TRANSACTION
control field 20140414131904.0
008 - FIXED-LENGTH DATA ELEMENTS--GENERAL INFORMATION
fixed length control field 060922s19uu xx 00 eng d
020 ## - INTERNATIONAL STANDARD BOOK NUMBER
International Standard Book Number 0-7868-4543-0
050 ## - LIBRARY OF CONGRESS CALL NUMBER
Classification number FIC
Item number M17 2003
100 ## - MAIN ENTRY--PERSONAL NAME
Personal name Jones, Jasmine
245 ## - TITLE STATEMENT
Title New kid in school /
Statement of responsibility, etc adapted by Jasmine Jones, Melissa Gould.
260 ## - PUBLICATION, DISTRIBUTION, ETC. (IMPRINT)
Place of publication, distribution, etc New York :
Name of publisher, distributor, etc Disney,
Date of publication, distribution, etc c2003.
300 ## - PHYSICAL DESCRIPTION
Extent 138 p. ; cm.
Holdings
Withdrawn status Lost status Damaged status Use restrictions Home library Current library Shelving location Date acquired Source of acquisition Total Checkouts Full call number Barcode Date last seen Price effective from Koha item type
        Munich Library Munich Library Fiction Section 09/22/2006     FIC M17 2003 M1360 04/14/2014 04/14/2014 Books

New kid in school /

APA

Jones J., . (2003). New kid in school. New York: Disney.

Chicago

Jones Jasmine, . 2003. New kid in school. New York: Disney.

Harvard

Jones J., . (2003). New kid in school. New York: Disney.

MLA

Jones Jasmine, . New kid in school. New York: Disney. 2003.

  • Place hold
  • Print
  • Cite
  • Add to your cart (remove)
  • Save record
    BIBTEX Dublin Core MARCXML MARC (non-Unicode/MARC-8) MARC (Unicode/UTF-8) MARC (Unicode/UTF-8, Standard) MODS (XML) RIS
  • More searches
    Search for this title in:
    Other Libraries (WorldCat) Other Databases (Google Scholar) Online Stores (Bookfinder.com) Open Library (openlibrary.org)

Exporting to Dublin Core...

SOUTHVILLE LIBRARY

Southville International School and Colleges Library

1281 Tropical Ave. Cor. Luxembourg St., BF Homes International, Las Pinas City

Tel. No. 8256374 / 252358 Loc. 117/146

Powered by Koha